|
|
|
|
| LEADER |
00905pam a22003138a 4500 |
| 001 |
00037344 |
| 005 |
20171026081025.0 |
| 008 |
170511s2007 ||||||Viesd |
| 041 |
0 |
# |
|a Vie
|
| 082 |
1 |
4 |
|a 796.440 72
|b GI108TR
|
| 245 |
1 |
0 |
|a Giáo trình lý thuyết phương pháp nghiên cứu khoa học thể dục thể thao
|
| 260 |
# |
# |
|a Hà Nội
|c 2007
|b Thể dục thể thao
|
| 300 |
# |
# |
|a 183tr.
|c 21cm.
|
| 653 |
# |
# |
|a Giáo trình
|
| 653 |
# |
# |
|a thể thao
|
| 653 |
# |
# |
|a thể dục thể thao
|
| 653 |
# |
# |
|a nghiên cứu
|
| 852 |
# |
# |
|j KGT.0052782
|j KD.0021020
|
| 852 |
# |
# |
|b Kho đọc
|j KD.1000090, KD.0021020
|
| 852 |
# |
# |
|b Kho mượn
|j KGT.0052782
|
| 910 |
|
|
|d 11/05/2017
|
| 980 |
# |
# |
|a Trung tâm Học liệu Lê Vũ Hùng, Trường Đại học Đồng Tháp
|